Normal view
MARC view
- Muhammad Ibrahim Khan Syed Muhammad Taha Jilani
Entry Personal Name
001 - CONTROL NUMBER
- control field: 86231
003 - CONTROL NUMBER IDENTIFIER
- control field: NUST
005 - DATE AND TIME OF LATEST TRANSACTION
- control field: 20211209121456.0
008 - FIXED-LENGTH DATA ELEMENTS
- fixed length control field: 211209|| aca||aabn | a|a d
040 ## - CATALOGING SOURCE
- Original cataloging agency: NUST
- Transcribing agency: NUST
100 ## - HEADING--PERSONAL NAME
- Personal name: Muhammad Ibrahim Khan Syed Muhammad Taha Jilani
670 ## - SOURCE DATA FOUND
- Source citation: Work cat.: (NUST): Muhammad Ibrahim Khan Syed Muhammad Taha Jilani , PR-SOF-2076-Sensor Fusion for Intelligent Road Transportation, 2021.
